[Event "London Classic Open 2014"]
[Site "London ENG"]
[Date "2014.12.13"]
[Round "6.56"]
[White "Cannon, Raymond C"]
[Black "Lien, Kjell Hakon"]
[Result "0-1"]
[WhiteElo "1956"]
[BlackElo "2078"]
[WhiteFideId "408018"]
[BlackFideId "1510444"]
[EventDate "2014.12.08"]

1. e4 Nc6 2. d4 e5 3. dxe5 Nxe5 4. f4 Nc6 5. Be3 Bb4+ 6. c3 Ba5 7. Bc4 d6 8. b4
Bb6 9. Bxb6 axb6 10. Nf3 Nf6 11. O-O O-O 12. Nbd2 d5 13. Bd3 dxe4 14. Nxe4 Bf5
15. Nxf6+ Qxf6 16. Bxf5 Qxf5 17. Nd4 Nxd4 18. Qxd4 Rfd8 19. Qc4 c6 20. Rfd1 h6
21. Rxd8+ Rxd8 22. Re1 Qc2 23. Re2 Qc1+ 24. Kf2 b5 25. Qe4 Qxc3 26. Re3 Rd2+ 27.
Kf3 Qc4 28. Qxc4 bxc4 29. Ra3 Rb2 30. Ra8+ Kh7 31. a3 c3 32. Ke3 Rxg2 0-1

[Event "London Classic Open 2014"]
[Site "London ENG"]
[Date "2014.12.13"]
[Round "6.57"]
[White "Dydak, Mateusz"]
[Black "Clark, Ian C"]
[Result "0-1"]
[WhiteElo "1870"]
[BlackElo "2053"]
[WhiteFideId "2612305"]
[BlackFideId "407682"]
[EventDate "2014.12.08"]

1. f4 d5 2. Nf3 Nf6 3. g3 c5 4. Bg2 Nc6 5. d3 g6 6. O-O Bg7 7. Qe1 d4 8. Na3 O-O
9. Bd2 Rb8 10. c3 Nd5 11. Nc2 Nb6 12. c4 Re8 13. Qf2 Bf5 14. Rac1 Qd7 15. b4
cxb4 16. Nxb4 Rbd8 17. Nxc6 bxc6 18. Ne5 Bxe5 19. fxe5 c5 20. g4 Be6 21. Qf4 Rf8
22. g5 Qc7 23. Ba5 Rb8 24. Rf3 Qd7 25. Qh4 Qc7 26. Qg3 Qd7 27. Rf4 Qa4 28. Qh4
Rfc8 29. Qh6 Nd7 30. Rh4 Nf8 31. Be1 Qxa2 32. Bf3 Rb1 33. Rxb1 Qxb1 34. Kf2 Qc1
35. Ba5 Qe3+ 36. Kg2 Bf5 37. Be1 Rb8 38. Bf2 Qc1 39. Rf4 Qxf4 40. e6 Qc1 41.
exf7+ Kxf7 42. Qh4 Rb1 43. Kg3 Qf1 44. Bg4 e6 45. Bxf5 exf5 46. Qf4 Qxe2 47. Qd6
Qg4# 0-1

[Event "London Classic Open 2014"]
[Site "London ENG"]
[Date "2014.12.13"]
[Round "6.58"]
[White "Rogers, Tim L"]
[Black "Lobersli, Henrik Oie"]
[Result "1/2-1/2"]
[WhiteElo "2046"]
[BlackElo "1961"]
[WhiteFideId "418137"]
[BlackFideId "1511947"]
[EventDate "2014.12.08"]

1. e4 e5 2. Nf3 Nc6 3. d4 exd4 4. Nxd4 Nf6 5. Nxc6 bxc6 6. e5 Qe7 7. Qe2 Nd5 8.
c4 Ba6 9. b3 g6 10. Bb2 Bg7 11. Nd2 O-O 12. Qe4 Nb6 13. O-O-O Rfe8 14. f4 Rad8
15. Qc2 d5 16. exd6 Bxb2+ 17. Qxb2 cxd6 18. h4 d5 19. f5 dxc4 20. fxg6 hxg6 21.
h5 Qe5 22. Qxe5 Rxe5 23. hxg6 fxg6 24. bxc4 Rd4 25. Rh3 Ra5 26. Rg3 g5 27. a3
Kg7 28. Kc2 Re5 29. Nf3 Rxd1 30. Kxd1 Ra5 31. Nxg5 Nxc4 32. Ne4+ Kf8 33. Bxc4
Bxc4 34. Kc2 Bd5 35. Nd2 Ra4 36. Kb2 Rf4 37. Nf3 Re4 1/2-1/2

[Event "London Classic Open 2014"]
[Site "London ENG"]
[Date "2014.12.13"]
[Round "6.59"]
[White "Cannon, Richard J"]
[Black "Basson, Heinrich"]
[Result "1/2-1/2"]
[WhiteElo "2041"]
[BlackElo "1899"]
[WhiteFideId "408670"]
[BlackFideId "14301440"]
[EventDate "2014.12.08"]

1. e4 e6 2. Nc3 d5 3. d4 Nf6 4. exd5 exd5 5. Bg5 Be7 6. Bd3 Be6 7. Nge2 Nh5 8.
Bxe7 Qxe7 9. Qd2 c6 10. O-O-O Nd7 11. f4 g6 12. f5 gxf5 13. Rdf1 O-O-O 14. Bxf5
Rde8 15. Qh6 Nhf6 16. Ng3 Reg8 17. Qf4 Re8 18. Re1 Qd8 19. Rhf1 Qc7 20. Qh6 Qd6
21. Bxe6 Rxe6 22. Nf5 Qc7 23. Rxe6 fxe6 24. Ng7 Qd6 25. Re1 Qf8 26. Rxe6 Rg8 27.
Nf5 Qxh6+ 28. Nxh6 Rxg2 29. Re2 Rxe2 30. Nxe2 Ne4 31. Nf4 Ndf6 32. h3 Kd7 33.
Nf5 b6 34. Kd1 Ke8 35. Ke2 Kf7 36. Ke3 Ne8 37. Nh6+ Ke7 38. c4 N4f6 39. Nf5+ Kf7
40. b3 h5 41. a3 a6 42. Kd3 b5 43. Ne3 dxc4+ 44. bxc4 Nd6 45. c5 Nb7 46. Nf5 Na5
47. Nd6+ Ke7 48. h4 Kd7 49. Ng6 Ke6 50. Nf4+ Kd7 51. Kc3 Nd5+ 52. Nxd5 cxd5 53.
Nf5 Nc4 54. Kb4 Kc7 55. Ng7 Kc6 56. Nxh5 a5+ 57. Kb3 Nd2+ 58. Kc3 Nf3 59. Nf4
Nxh4 60. Ne6 Nf5 61. Nd8+ Kc7 62. Nf7 Kc6 63. Ne5+ Kc7 64. Ng6 Kd7 65. Nf8+ Kc6
66. Ne6 Kd7 67. Nf4 Kc6 68. Ng6 Kd7 69. Ne5+ Kc7 70. Nf3 Kc6 71. Nd2 Ne3 72. Nf3
Nc4 73. Kb3 Ne3 74. Ne5+ Kc7 75. Nf7 Nf5 76. Kc3 Kd7 77. Ne5+ Kc7 78. Ng4 Kc6
79. Nf6 Ne3 80. Ng8 Kd7 81. Kb3 Nf5 82. Kc3 Ne3 83. Nh6 Nc4 84. Kb3 Ne3 85. Nf7
Nf5 86. Ne5+ Kc7 87. Kc3 Ne3 88. Ng6 Kd7 89. Nf8+ Ke7 90. Ng6+ Kd7 91. Nf4 Kc6
92. Ng6 Kd7 1/2-1/2

[Event "London Classic Open 2014"]
[Site "London ENG"]
[Date "2014.12.13"]
[Round "6.60"]
[White "Jyothilal, N."]
[Black "Slade, Theodore"]
[Result "1-0"]
[WhiteElo "2031"]
[BlackElo "1869"]
[WhiteFideId "5002605"]
[BlackFideId "426547"]
[EventDate "2014.12.08"]

1. d4 Nf6 2. c4 b6 3. Nf3 e6 4. g3 Bb7 5. Bg2 Be7 6. O-O O-O 7. Nc3 Ne4 8. Qc2
Nxc3 9. bxc3 f5 10. d5 Na6 11. Be3 Bd6 12. Nd4 Qf6 13. f4 Nc5 14. Nb5 e5 15.
fxe5 Bxe5 16. Nd4 g6 17. Rad1 Ba6 18. Nb5 Bxb5 19. cxb5 Qd6 20. Bf4 Bxf4 21.
Rxf4 Rae8 22. Rdf1 Qe5 23. R1f2 Ne4 24. Bxe4 fxe4 25. c4 d6 26. e3 g5 27. Rxf8+
Rxf8 28. Rxf8+ Kxf8 29. Kg2 Qf5 30. Qf2 Qxf2+ 31. Kxf2 Kf7 32. g4 Kg6 33. Ke2 h5
34. h3 hxg4 35. hxg4 Kf7 36. Kd2 Kf6 37. Kc2 Ke5 38. Kc3 Kf6 39. Kd4 Kg6 40.
Kxe4 Kf6 41. Kd4 Kg6 42. e4 Kf6 43. a3 Kg6 44. e5 Kf7 45. e6+ Kg6 46. Ke4 Kf6
47. a4 Kg6 48. e7 Kf7 49. Kf5 Kxe7 50. Kxg5 Kf7 51. Kf5 Kg7 52. Ke6 Kg6 53. Kd7 1-0

[Event "London Classic Open 2014"]
[Site "London ENG"]
[Date "2014.12.13"]
[Round "6.61"]
[White "Peck, Silas"]
[Black "Morello, Guido"]
[Result "0-1"]
[WhiteElo "1862"]
[BlackElo "2029"]
[WhiteFideId "432865"]
[BlackFideId "836621"]
[EventDate "2014.12.08"]

1. e4 c5 2. Nf3 Nc6 3. d4 cxd4 4. Nxd4 g6 5. Nc3 Bg7 6. Be3 Nf6 7. Bc4 O-O 8.
Bb3 Ng4 9. Qxg4 Nxd4 10. Qd1 Nc6 11. Qd2 Re8 12. h4 h5 13. O-O-O d6 14. Bh6 a5
15. Bxg7 Kxg7 16. f4 Bg4 17. Rdf1 e6 18. a3 Qb6 19. f5 Qd4 20. Qg5 Qe5 21. Rf4
exf5 22. exf5 Bxf5 23. Nd5 Rac8 24. Rhf1 Nd4 25. Rxd4 Qxd4 26. Ne7 Rxe7 27. Qxe7
d5 28. Rd1 Qf2 29. Qe5+ Kg8 30. c3 Qxh4 31. Qxd5 Qf4+ 32. Rd2 Be6 33. Qb5 Rd8 0-1

[Event "London Classic Open 2014"]
[Site "London ENG"]
[Date "2014.12.13"]
[Round "6.62"]
[White "Arnetta, Maria Teresa"]
[Black "Haridas, Girinath"]
[Result "1-0"]
[WhiteTitle "WFM"]
[WhiteElo "2027"]
[BlackElo "1856"]
[WhiteFideId "811572"]
[BlackFideId "427144"]
[EventDate "2014.12.08"]

1. e4 c5 2. b3 Nc6 3. Bb2 Nf6 4. e5 Nd5 5. Nf3 e6 6. Na3 Nb6 7. Nb5 a6 8. Nd6+
Bxd6 9. exd6 O-O 10. h4 e5 11. Ng5 f5 12. Qh5 h6 13. Qg6 hxg5 14. hxg5 Rf6 15.
gxf6 Qxf6 16. Qe8+ Qf8 17. Rh8+ 1-0

[Event "London Classic Open 2014"]
[Site "London ENG"]
[Date "2014.12.13"]
[Round "6.63"]
[White "Nilsen, Martin"]
[Black "Kalerwa, Edwin M"]
[Result "1-0"]
[WhiteElo "2006"]
[BlackElo "1840"]
[WhiteFideId "1510657"]
[BlackFideId "422223"]
[EventDate "2014.12.08"]

1. Nf3 c5 2. g3 Nf6 3. Bg2 d5 4. c4 Nbd7 5. O-O g6 6. d4 Bg7 7. cxd5 Nxd5 8. Nc3
Nxc3 9. bxc3 O-O 10. Bf4 Qa5 11. Qd2 Re8 12. Rab1 cxd4 13. cxd4 Qh5 14. a4 a5
15. Rb5 e5 16. dxe5 Nxe5 17. Nxe5 g5 18. Bxg5 f6 19. Bd5+ Be6 20. Bxe6+ Rxe6 21.
Qd5 Ra6 22. Rxb7 fxg5 23. Rb8+ Bf8 24. Nd7 Kg7 25. Qd4+ Kg6 26. Nxf8+ 1-0

[Event "London Classic Open 2014"]
[Site "London ENG"]
[Date "2014.12.13"]
[Round "6.64"]
[White "Barasi, Paul Dl"]
[Black "Iyengar, Ilya"]
[Result "0-1"]
[WhiteElo "1836"]
[BlackElo "2002"]
[WhiteFideId "432830"]
[BlackFideId "405949"]
[EventDate "2014.12.08"]

1. d4 Nf6 2. Bg5 Ne4 3. h4 Nxg5 4. hxg5 g6 5. e3 Bg7 6. Nf3 c5 7. c3 Nc6 8. d5
Ne5 9. Nxe5 Bxe5 10. Nd2 d6 11. Bb5+ Bd7 12. Bxd7+ Qxd7 13. Nc4 Bg7 14. e4 Qb5
15. Qe2 Qa6 16. a4 O-O 17. Ra3 e6 18. Qd3 Rfe8 19. O-O exd5 20. exd5 Rad8 21. b4
b6 22. b5 Qc8 23. a5 h6 24. axb6 axb6 25. gxh6 Bxh6 26. Nxb6 Qg4 27. Ra4 Qh5 28.
Qh3 Qxh3 29. gxh3 Rb8 30. Nd7 Rxb5 31. Nf6+ Kf8 32. Nxe8 Kxe8 33. Ra8+ Ke7 34.
Re1+ Kf6 35. Ra6 Bf4 36. c4 Rb4 37. Re4 Kf5 38. f3 Rb1+ 39. Kf2 Rb2+ 40. Kf1 Rh2
41. Rxf4+ Kxf4 42. Rxd6 Rc2 43. Rf6+ Ke5 44. Rxf7 Rxc4 45. f4+ Kxd5 46. Ke2 Ke6
47. Rf8 Rc3 48. Rc8 Kf5 49. Rf8+ Ke4 50. Rf6 Re3+ 51. Kd2 Rg3 52. Rc6 Kd5 53.
Rf6 Kc4 54. Ra6 Kb5 55. Ra1 Rxh3 56. Rg1 Rh6 57. Kc3 Rh3+ 58. Kd2 Rf3 59. Rg4 c4
60. Ke2 Rd3 61. Rxg6 Rd8 62. f5 c3 63. f6 c2 64. Rg1 Kb4 65. Rf1 Kb3 66. f7 Kb2
67. f8=Q Rxf8 68. Rxf8 c1=Q 69. Rf2 Kc3 70. Rf3+ Kd4 71. Rd3+ Ke4 72. Rd2 Qc3
73. Rd1 Qe3+ 74. Kf1 Kf3 0-1

[Event "London Classic Open 2014"]
[Site "London ENG"]
[Date "2014.12.13"]
[Round "6.65"]
[White "Gschwendtner, Stanislav"]
[Black "Parry, Jacques"]
[Result "1-0"]
[WhiteElo "1998"]
[BlackElo "1783"]
[WhiteFideId "307297"]
[BlackFideId "425923"]
[EventDate "2014.12.08"]

1. c4 e6 2. e3 Nf6 3. Nf3 Be7 4. Nc3 O-O 5. b3 d5 6. Bb2 Nbd7 7. Qc2 c5 8. Rg1
d4 9. exd4 cxd4 10. Ne4 e5 11. Bd3 Nxe4 12. Bxe4 Nf6 13. Nxe5 Nxe4 14. Qxe4 Bc5
15. O-O-O Re8 16. Qf4 Qe7 17. Nd3 Ba3 18. Rge1 Bxb2+ 19. Kxb2 Qd8 20. Rxe8+ Qxe8
21. Qxd4 Bf5 22. Re1 Qf8 23. Nf4 Re8 24. Re5 Rd8 25. Nd5 Be6 26. Qe4 Qd6 27. d4
Bxd5 28. Rxd5 Qc7 29. Qe5 Qc8 30. Rxd8+ Qxd8 31. d5 h6 32. c5 Qh4 33. g3 Qb4 34.
Qe8+ Kh7 35. Qe3 a5 36. Qc3 Qe4 37. Qc2 1-0

[Event "London Classic Open 2014"]
[Site "London ENG"]
[Date "2014.12.13"]
[Round "6.66"]
[White "Vachtfeidl, Petr"]
[Black "Wettasinha, Vasanta"]
[Result "1-0"]
[WhiteElo "1985"]
[BlackElo "1761"]
[WhiteFideId "315028"]
[BlackFideId "9904433"]
[EventDate "2014.12.08"]

1. e4 c5 2. Nf3 g6 3. c4 Bg7 4. d4 cxd4 5. Nxd4 Nc6 6. Be3 Nf6 7. Nc3 Ng4 8.
Qxg4 Nxd4 9. Qd1 Nc6 10. Qd2 O-O 11. Be2 d6 12. O-O Qa5 13. Rac1 Be6 14. b3 Rfd8
15. Rfd1 Rac8 16. h3 a6 17. Na4 Qe5 18. Nb6 Rb8 19. f4 Qf6 20. Nd5 Qh4 21. Bf2
Qh6 22. Kh2 f5 23. Bf3 Rf8 24. Be3 Kh8 25. b4 Bxd5 26. cxd5 Nd8 27. g3 fxe4 28.
f5 Qxe3 29. Qxe3 exf3 30. Qxe7 Rxf5 31. Rc7 Nf7 32. Rdc1 Rf8 33. Rc8 Ne5 34.
R1c7 Rf7 35. Qxf7 Nxf7 36. Rxf8+ Bxf8 37. Rxf7 1-0

[Event "London Classic Open 2014"]
[Site "London ENG"]
[Date "2014.12.13"]
[Round "6.68"]
[White "Dror, Levi"]
[Black "McKerracher, Douglas"]
[Result "0-1"]
[WhiteElo "1824"]
[BlackElo "1980"]
[WhiteFideId "2809583"]
[BlackFideId "2401002"]
[EventDate "2014.12.08"]

1. e4 d5 2. exd5 Qxd5 3. Nc3 Qa5 4. d4 Nf6 5. Nf3 c6 6. Be2 Bf5 7. O-O e6 8. Re1
Be7 9. Bf4 Nbd7 10. a3 O-O 11. Bd3 Bg4 12. h3 Bh5 13. b4 Qd8 14. g4 Bg6 15. Ne2
a5 16. b5 c5 17. c4 cxd4 18. Bxg6 hxg6 19. Nexd4 Qb6 20. Qe2 Nc5 21. Nd2 Rad8
22. Be3 a4 23. Rec1 Rd7 24. N4f3 Qc7 25. Bd4 Rfd8 26. Qe3 Bd6 27. g5 Nh5 28. Ne4
Bf4 29. Qe1 Nb3 0-1

[Event "London Classic Open 2014"]
[Site "London ENG"]
[Date "2014.12.13"]
[Round "6.69"]
[White "Othman, Mustapha"]
[Black "Sajjadi, Kimiya"]
[Result "1-0"]
[WhiteElo "1973"]
[BlackElo "1611"]
[WhiteFideId "8500797"]
[BlackFideId "1516434"]
[EventDate "2014.12.08"]

1. e4 e6 2. d4 d5 3. e5 c5 4. Nf3 Nc6 5. Bb5 Ne7 6. O-O Qb6 7. c4 dxc4 8. Na3
Nf5 9. Qa4 cxd4 10. Nxc4 Qc7 11. g4 Nh6 12. Nxd4 Nxg4 13. h3 Nh6 14. Bf4 Bd7 15.
Rac1 Bc5 16. Bxc6 bxc6 17. Rfd1 O-O 18. Ne3 Bxd4 19. Qxd4 Rfd8 20. Bxh6 gxh6 21.
Ng4 Be8 22. Nf6+ Kf8 23. Qe3 Rxd1+ 24. Rxd1 Bd7 25. Rxd7 1-0

[Event "London Classic Open 2014"]
[Site "London ENG"]
[Date "2014.12.13"]
[Round "6.70"]
[White "Cavendish, Joshua Z"]
[Black "Farkas, Lajos Dr."]
[Result "0-1"]
[WhiteElo "1747"]
[BlackElo "2219"]
[WhiteFideId "418005"]
[BlackFideId "711390"]
[EventDate "2014.12.08"]

1. e4 c6 2. d4 d5 3. exd5 cxd5 4. c4 Nf6 5. Nc3 Nc6 6. Bg5 Be6 7. Nf3 h6 8. Bxf6
exf6 9. Qb3 Bb4 10. a3 Bxc3+ 11. bxc3 O-O 12. c5 Re8 13. Be2 Bg4 14. Ra2 Bxf3
15. gxf3 Na5 16. Qb1 b6 17. cxb6 Rb8 18. O-O Rxb6 19. Qf5 g6 20. Qh3 Qc8 21.
Qxh6 Qxc3 22. Rc1 Qxd4 23. Rd2 Qa4 24. Rd3 f5 25. Kh1 g5 26. Qxg5+ Rg6 27. Qd2
Nc4 28. Qa2 Rge6 29. Rg1+ Kf8 30. Bd1 Qb5 31. Rb3 Qd7 32. Qa1 Ne5 33. f4 Ng6 34.
Bh5 d4 35. Rbg3 Qc6+ 36. Bf3 Qc3 37. Qa2 Re1 38. Bd5 Rxg1+ 39. Rxg1 Nxf4 40. Bb7
Re1 41. Bg2 Qc1 0-1

[Event "London Classic Open 2014"]
[Site "London ENG"]
[Date "2014.12.13"]
[Round "6.71"]
[White "Viudes Serra, Aaron"]
[Black "Millward, Kevin P"]
[Result "0-1"]
[WhiteElo "1818"]
[BlackElo "2010"]
[WhiteFideId "2247658"]
[BlackFideId "404721"]
[EventDate "2014.12.08"]

1. c4 g6 2. g3 Bg7 3. Bg2 e5 4. Nc3 d6 5. d3 Nc6 6. e4 Be6 7. Nge2 Qd7 8. Nd5
Nd8 9. Rb1 c6 10. Ne3 Bh3 11. Bf3 h5 12. Ng1 Be6 13. h4 Ne7 14. Bg2 d5 15. b3
O-O 16. Ba3 d4 17. Nf1 f5 18. Nh3 fxe4 19. Bxe4 Bxh3 20. Bxe7 Bg4 21. f3 Bxf3
22. Bxf3 Qxe7 23. Nd2 Bh6 24. Ne4 Ne6 25. b4 Rf7 26. b5 Raf8 27. O-O c5 28. Kg2
Ng7 29. Nxc5 Nf5 30. Qe2 Ne3+ 31. Kh3 Qxc5 32. Rf2 Qc8+ 33. Kh2 Kh7 34. Rbf1
Nxf1+ 35. Rxf1 Be3 36. Kg2 Rxf3 37. Rxf3 Qg4 38. Qf1 Rxf3 39. Qxf3 Qxf3+ 40.
Kxf3 Kg7 41. c5 Kf6 42. a4 Bd2 43. g4 Ke6 44. gxh5 gxh5 45. Ke4 Be1 46. c6 bxc6
47. bxc6 Ba5 0-1

[Event "London Classic Open 2014"]
[Site "London ENG"]
[Date "2014.12.13"]
[Round "6.72"]
[White "Ditmas, Hugh"]
[Black "Kebbedies, Frank"]
[Result "1/2-1/2"]
[WhiteElo "1993"]
[BlackElo "1803"]
[WhiteFideId "1270666"]
[BlackFideId "24606944"]
[EventDate "2014.12.08"]

1. d4 Nf6 2. c4 e6 3. Nf3 Bb4+ 4. Bd2 Qe7 5. e3 O-O 6. Bd3 Nc6 7. O-O Bxd2 8.
Nbxd2 d6 9. a3 a5 10. Qc2 e5 11. d5 Nb8 12. b4 c6 13. e4 Na6 14. Qc3 a4 15. dxc6
bxc6 16. Bc2 Nc7 17. c5 dxc5 18. Qxe5 Re8 19. Qxc5 Qxc5 20. bxc5 Ne6 21. e5 Nd7
22. Nc4 Ba6 23. Nd6 Nexc5 24. Nxe8 Bxf1 25. Nc7 Rc8 26. Kxf1 Rxc7 27. Rb1 Kf8
28. Rb4 Ke7 29. Bxa4 Ra7 30. Bxc6 Rxa3 31. Bxd7 Kxd7 32. Ng5 h6 33. Ne4 Nxe4 34.
Rxe4 Ra1+ 35. Ke2 Ke6 36. f4 h5 37. Kf3 g6 38. Re3 Ra4 39. h3 Kf5 40. g4+ hxg4+
41. hxg4+ Ke6 42. Rb3 Ra6 43. Rd3 Rb6 44. Ke4 Rb4+ 45. Rd4 Rb6 46. Ra4 Rb1 47.
f5+ gxf5+ 48. gxf5+ Ke7 49. Ra7+ Ke8 50. f6 Re1+ 51. Kd5 Rd1+ 52. Kc6 Rc1+ 53.
Kb7 Kd7 54. Kb6+ Ke6 55. Re7+ Kf5 56. Kb7 Rc2 57. Kb6 Rc1 58. Kb5 Rc2 59. Kb4
Rc1 60. Kb3 Rc8 61. e6 Kxf6 62. Rxf7+ 1/2-1/2

[Event "London Classic Open 2014"]
[Site "London ENG"]
[Date "2014.12.13"]
[Round "6.73"]
[White "Bin-Suhayl, Ieysaa"]
[Black "White, David J"]
[Result "1/2-1/2"]
[WhiteElo "1777"]
[BlackElo "1891"]
[WhiteFideId "429031"]
[BlackFideId "402931"]
[EventDate "2014.12.08"]

1. Nf3 c5 2. c4 Nc6 3. Nc3 g6 4. d4 cxd4 5. Nxd4 Bg7 6. e3 Nf6 7. Be2 O-O 8. O-O
d6 9. b3 Bd7 10. Bb2 a6 11. Qd2 Rb8 12. Nd5 Ne4 13. Qd1 f5 14. Nxc6 bxc6 15.
Bxg7 Kxg7 16. Nc3 Nxc3 17. Qd4+ Kg8 18. Qxc3 Qe8 19. Rfd1 Rf6 20. c5 d5 21. Bxa6
f4 22. exf4 Rxf4 23. Re1 Qf7 24. Qe5 Rf8 25. f3 e6 26. Bb7 Rf5 27. Qc7 Rg5 28.
Rf1 Qg7 29. Kh1 Qb2 30. Rg1 Rxg2 31. Rxg2 Qxa1+ 32. Rg1 Qc3 33. Qxd7 1/2-1/2

[Event "London Classic Open 2014"]
[Site "London ENG"]
[Date "2014.12.13"]
[Round "6.74"]
[White "Strand, Oyvin"]
[Black "Verma, Aditya"]
[Result "1-0"]
[WhiteElo "1877"]
[BlackElo "1611"]
[WhiteFideId "1507230"]
[BlackFideId "426202"]
[EventDate "2014.12.08"]

1. d4 Nf6 2. Nf3 e6 3. b3 c5 4. e3 Nc6 5. Bb2 d5 6. a3 cxd4 7. exd4 Bd6 8. Bd3
O-O 9. Nbd2 Bd7 10. Qe2 Qb6 11. O-O Rfe8 12. c4 Bf4 13. c5 Qc7 14. Ne5 Bxd2 15.
Qxd2 Nxe5 16. dxe5 Ng4 17. Qe2 Nh6 18. b4 a5 19. Qc2 g6 20. h3 b6 21. Qd2 Kg7
22. Rac1 axb4 23. axb4 Ra4 24. c6 Bc8 25. b5 Ra2 26. Ra1 Rxa1 27. Rxa1 Nf5 28.
Bxf5 exf5 29. Bd4 Be6 30. Ra6 Rb8 31. Qe3 Bc8 32. e6+ 1-0

[Event "London Classic Open 2014"]
[Site "London ENG"]
[Date "2014.12.13"]
[Round "6.76"]
[White "Altman, Joshua"]
[Black "Fernandez Aransay, Fernando"]
[Result "0-1"]
[WhiteTitle "CM"]
[WhiteElo "1723"]
[BlackElo "1861"]
[WhiteFideId "426210"]
[BlackFideId "2216280"]
[EventDate "2014.12.08"]

1. e4 c5 2. Nf3 d6 3. Bb5+ Nc6 4. Bxc6+ bxc6 5. O-O Bg4 6. c3 g6 7. h3 Bxf3 8.
Qxf3 Qc7 9. d4 cxd4 10. cxd4 Bg7 11. Rd1 Nf6 12. Nc3 O-O 13. Be3 Rab8 14. e5
dxe5 15. dxe5 Nd5 16. Nxd5 cxd5 17. Rdc1 Qd7 18. Bd4 e6 19. Qe3 a6 20. a4 Rb4
21. a5 Rfb8 22. Ra3 Bf8 23. Rac3 Qa4 24. Ra3 Qb5 25. Ra2 Rb3 26. Qf4 Qb7 27. Bb6
Rc8 28. Kh2 Rb4 29. Qd2 Re4 30. Re1 Bh6 31. Be3 Bxe3 32. Rxe3 Rec4 33. Rf3 Qc7
34. Qe2 h5 35. Raa3 Rc2 36. Qe3 Rxb2 37. Qg5 Re2 38. Rae3 Rxe3 39. fxe3 Qd8 40.
Qh6 Qf8 41. Qg5 Rc5 42. Rg3 Kh7 43. Rf3 Qg7 44. Qe7 Qxe5+ 45. Rg3 Rc7 46. Qh4
Rc4 47. Qe7 Qc7 48. Qxc7 Rxc7 49. Rf3 Kg7 50. Rf4 Rc4 51. Rf2 Ra4 52. Kg3 Rxa5
53. Kf4 f6 54. g4 Ra4+ 55. Kg3 hxg4 56. hxg4 a5 57. Rb2 Rb4 58. Ra2 a4 59. Ra3
d4 60. exd4 Rb3+ 61. Rxb3 axb3 62. Kf3 b2 63. Ke3 b1=Q 64. Kd2 Qb3 65. g5 fxg5
66. d5 exd5 67. Ke2 d4 68. Kf2 Qe3+ 69. Kg2 d3 70. Kf1 d2 71. Kg2 d1=Q 0-1

[Event "London Classic Open 2014"]
[Site "London ENG"]
[Date "2014.12.13"]
[Round "6.77"]
[White "Pattni, Kishan"]
[Black "Machlik, Jon"]
[Result "0-1"]
[WhiteElo "1716"]
[BlackElo "1852"]
[WhiteFideId "420751"]
[BlackFideId "1513613"]
[EventDate "2014.12.08"]

1. d4 f5 2. h3 g6 3. c4 Nf6 4. Nc3 Bg7 5. Bf4 O-O 6. e3 d6 7. d5 Na6 8. Nge2 e5
9. dxe6 Bxe6 10. Nd4 Bf7 11. Be2 Qd7 12. g4 fxg4 13. hxg4 Nc5 14. Bh6 Nce4 15.
Nxe4 Nxe4 16. Bxg7 Kxg7 17. Qc2 Rae8 18. Rh2 a6 19. O-O-O c5 20. Nb3 Qc6 21. f3
Ng3 22. Qc3+ Kg8 23. e4 Nxe2+ 24. Rxe2 b5 25. Rh2 b4 26. Qd2 Bxc4 27. Na5 Qb5
28. Nxc4 Qxc4+ 29. Kb1 Rxf3 30. Qxd6 Qxe4+ 31. Ka1 Qe5 32. Qd2 c4 33. Qc2 Qe4
34. Qa4 Rd3 35. Rc1 b3 36. Qxa6 Ra8 37. Re2 Rxa6 38. Rxe4 Rxa2+ 39. Kb1 Rd2 40.
Rcxc4 Rd1+ 41. Rc1 Ra1+ 0-1

[Event "London Classic Open 2014"]
[Site "London ENG"]
[Date "2014.12.13"]
[Round "6.80"]
[White "Fixmer, Eric"]
[Black "Wood, Peter R"]
[Result "1-0"]
[WhiteElo "1686"]
[BlackElo "1941"]
[WhiteFideId "4004469"]
[BlackFideId "422215"]
[EventDate "2014.12.08"]

1. e4 e6 2. d3 d5 3. Nd2 c5 4. Ngf3 Nc6 5. g3 Bd6 6. Bg2 Nge7 7. O-O O-O 8. Re1
Qc7 9. c3 Bd7 10. Qe2 Ng6 11. h4 d4 12. h5 Nge5 13. Nxe5 Bxe5 14. f4 dxc3 15.
fxe5 cxd2 16. Bxd2 Nd4 17. Qg4 f5 18. exf6 Rxf6 19. e5 Rf7 20. Rac1 Raf8 21.
Qxd4 Rf2 22. Qxf2 Rxf2 23. Kxf2 Qb6 24. Bc3 Qa6 25. Be4 Bc6 26. Bxc6 Qxc6 27.
Re4 b5 28. b3 Qd5 29. Ke3 Qd8 30. g4 Qh4 31. Rf1 Qg3+ 32. Rf3 Qg1+ 33. Ke2 h6
34. Rf1 Qg2+ 35. Rf2 Qg1 36. Be1 Kh7 37. Rf7 a6 38. Re7 Qg2+ 39. Bf2 c4 40. bxc4
bxc4 41. Rxc4 Qd5 42. Rc5 Qxa2+ 43. Ke3 Qa4 44. Rcc7 Qb5 45. Rxg7+ Kh8 46. Rgd7
Qxe5+ 47. Kf3 1-0

[Event "London Classic Open 2014"]
[Site "London ENG"]
[Date "2014.12.13"]
[Round "6.81"]
[White "Van Zyl-Rudd, Jack"]
[Black "Nordstrom, Hakon N"]
[Result "0-1"]
[WhiteElo "1564"]
[BlackElo "1836"]
[WhiteFideId "14310929"]
[BlackFideId "1513710"]
[EventDate "2014.12.08"]

1. d4 e6 2. c4 b6 3. e4 Bb7 4. Bd3 Bb4+ 5. Bd2 Qe7 6. Bxb4 Qxb4+ 7. Qd2 Nc6 8.
Ne2 Nge7 9. Nbc3 Ng6 10. a3 Qe7 11. O-O O-O 12. f4 f5 13. e5 Rad8 14. Nb5 a6 15.
Nbc3 d6 16. Qe3 dxe5 17. dxe5 Rd7 18. Rad1 Rfd8 19. Bc2 Na5 20. Rxd7 Rxd7 21.
Bd3 Qd8 22. Nc1 Kh8 23. Be2 Rd2 24. b3 Rb2 25. Rd1 Qe7 26. Na4 Rc2 27. g3 h6 28.
Qd3 Be4 29. Qd8+ Qxd8 30. Rxd8+ Kh7 31. Rd1 Nxb3 0-1

[Event "London Classic Open 2014"]
[Site "London ENG"]
[Date "2014.12.13"]
[Round "6.82"]
[White "De Lagontrie, Jean"]
[Black "Kouchak, Jason"]
[Result "0-1"]
[WhiteElo "1802"]
[BlackElo "1720"]
[WhiteFideId "605271"]
[BlackFideId "26011379"]
[EventDate "2014.12.08"]

1. d4 d5 2. c4 Nf6 3. cxd5 Qxd5 4. Nc3 Qd8 5. e4 c6 6. Nf3 Bg4 7. Qb3 Qb6 8. Ne5
Be6 9. Qxb6 axb6 10. f4 g6 11. Be2 Nbd7 12. O-O Bg7 13. Be3 O-O 14. h3 b5 15.
Nxd7 Bxd7 16. e5 Ne8 17. Ne4 b6 18. a3 Nc7 19. g4 Nd5 20. Bd2 Ra4 21. b4 Rfa8
22. Nc3 Nxc3 23. Bxc3 Rxa3 24. Rxa3 Rxa3 25. Rc1 e6 26. Kg2 Bf8 27. Bd1 Ra2+ 28.
Rc2 Rxc2+ 29. Bxc2 c5 30. dxc5 bxc5 31. bxc5 Bxc5 32. Be4 Kf8 33. Kf3 Ke7 34. h4
b4 35. Bb2 Bb5 36. f5 Bc4 37. Kf4 Kf8 38. fxg6 hxg6 39. h5 Kg7 40. hxg6 fxg6 41.
Bb1 Be7 42. g5 Bc5 43. Be4 Bf1 44. Bb1 Bh3 45. Bd3 Bf5 46. Bb5 Kf7 47. Bc4 Ke7
48. Bb5 Kd8 49. Bc4 Kc7 50. Ba1 Kb6 51. Bb2 Bg1 52. Bb3 Kc5 53. Bc1 Bh2+ 54. Kf3
Bxe5 55. Bd2 Bd4 56. Ke2 e5 57. Kf3 Bd3 58. Bf7 Kb5 59. Bb3 Bc4 60. Bc2 Bf7 61.
Ke4 b3 62. Bb1 b2 63. Kf3 Ka4 64. Be3 Bc3 65. Ke2 Kb3 66. Kf3 Bd5+ 67. Ke2 e4
68. Kf2 Be5 69. Bc5 Bf4 70. Be7 Kc3 71. Bf6+ Kd2 72. Bxb2 e3+ 73. Kg1 e2 0-1